00477nam a2200145Ia 4500008004100000020001800041100001800059245006100077260002200138440002400160650001400184856004100198999001900239952007300258171212s9999 xx 000 0 und d a9780745335315 aHorne, Gerald cHorne, GeraldaPaul RobesonbThe Artist as Revolutionary bPluto Booksc2016 aRevolutionary Lives aSociology uhttp://jstor.org/stable/j.ctt19b9jxj c351615d351615 001040aCLbCLd2017-12-12l0r2017-12-12 00:00:00w2017-12-12yCBE